|
|
|
|
| LEADER |
01204nam a22003017a 4500 |
| 001 |
35671 |
| 003 |
BD-DhAAL |
| 005 |
20211205154311.0 |
| 008 |
191208r20012002nyu||||| |||| 00| 0 eng d |
| 999 |
|
|
|c 42014
|d 42014
|
| 020 |
|
|
|a 9780618124930
|
| 020 |
|
|
|a 0618124934
|
| 040 |
|
|
|a BD-DhAAL
|
| 082 |
|
|
|a 813.087208
|
| 245 |
|
|
|a The best American mystery stories 2002
|c editor and with an introduction byJames Ellroy; series editor Otto Penzler
|
| 260 |
|
|
|a Boston : Houghton Mifflin,
|c 2002 [Reprinted 2001]
|
| 300 |
|
|
|a xv, 405 pages ;
|c 21 cm.
|
| 490 |
|
|
|a The best American series
|
| 526 |
|
|
|a BIED
|
| 541 |
|
|
|a Complimentary copy from BIED
|e 35671
|
| 650 |
|
|
|a Short stories, American
|x Collections.
|9 38075
|
| 650 |
|
|
|a Detective and mystery stories, American.
|9 38076
|
| 650 |
|
|
|a Short stories, American
|9 38077
|
| 700 |
|
|
|a Ellroy, James
|9 38088
|
| 700 |
|
|
|a Penzler, Otto
|9 38089
|
| 852 |
|
|
|a Ayesha Abed Library
|c BIED Collection
|
| 942 |
|
|
|2 ddc
|c BK
|
| 952 |
|
|
|0 0
|1 0
|2 ddc
|4 0
|6 813_087208000000000_BES
|7 0
|9 67381
|a BRACUL
|b BRACUL
|c GEN
|d 2019-12-08
|e Complimentary copy from BIED
|l 6
|m 2
|o 813.087208 BES
|p 3010035671
|r 2026-03-08
|s 2026-03-04
|t 1
|w 2019-12-08
|y BK
|x Transferred from BIED to General Stacks
|